| 000 | 00792nam a2200193 i 4500 | ||
|---|---|---|---|
| 001 | 180221 | ||
| 003 | ES-MaACL | ||
| 005 | 20250802062555.0 | ||
| 008 | 120521m18531855sp f |||| | spa d | ||
| 245 | 0 | 0 |
_aNueva colección de autores selectos latinos i castellanos para uso de los jóvenes dedicados al estudio de la latinidad i literatura / _credactada i anotada por los PP. Escolapios. |
| 260 |
_aMadrid : _b[s.n.], _c1853-1855. |
||
| 300 |
_a3 v. ; _c18 cm. |
||
| 530 | _aDisponible también en sitio web. | ||
| 650 | 0 | 7 |
_aLiteratura latina _2embne _914632 |
| 650 | 0 | 7 |
_aLiteratura española _2embne _914539 |
| 852 |
_aES-MaACL _jD-1727-29 _z.- Legado M. de la Fuente |
||
| 856 |
_uhttp://cisne.sim.ucm.es/record=b2370874~S4*spi _zIr a la página |
||
| 999 |
_c180221 _d180221 |
||